000 00208 a2200097 4500
001 6003
100 _aMccormick, E M
245 _aDigital computer primer
260 _a
_bMcGraw-Hill
_c
090 _c4907
_d4907
942 _aNUST-CAE
_cM
_c31275
999 _c241076
_d241076